<?xml version="1.0" encoding="UTF-8"?>
<record
    xmlns:xsi="http://www.w3.org/2001/XMLSchema-instance"
    xsi:schemaLocation="http://www.loc.gov/MARC21/slim http://www.loc.gov/standards/marcxml/schema/MARC21slim.xsd"
    xmlns="http://www.loc.gov/MARC21/slim">

  <leader>00585nam a22001817a 4500</leader>
  <controlfield tag="003">SISC</controlfield>
  <controlfield tag="005">20160707125418.0</controlfield>
  <controlfield tag="008">160707b        xxu||||| |||| 00| 0 eng d</controlfield>
  <datafield tag="020" ind1=" " ind2=" ">
    <subfield code="a">9780021187133</subfield>
  </datafield>
  <datafield tag="050" ind1=" " ind2=" ">
    <subfield code="a">LB 1573 .Au923 2014</subfield>
  </datafield>
  <datafield tag="245" ind1=" " ind2=" ">
    <subfield code="a">MCGraw-Hill reading wonders.  </subfield>
    <subfield code="b">Grade 6. /</subfield>
    <subfield code="c">Diane August et al. </subfield>
  </datafield>
  <datafield tag="260" ind1=" " ind2=" ">
    <subfield code="a">New York : </subfield>
    <subfield code="b">McGraw-Hill Co., </subfield>
    <subfield code="c">c2014</subfield>
  </datafield>
  <datafield tag="300" ind1=" " ind2=" ">
    <subfield code="a">480 p. :</subfield>
    <subfield code="b">col. ill. ; </subfield>
    <subfield code="c">25 cm. </subfield>
  </datafield>
  <datafield tag="650" ind1=" " ind2=" ">
    <subfield code="a">Reading (Elementary) -- Textbooks. </subfield>
  </datafield>
  <datafield tag="650" ind1=" " ind2=" ">
    <subfield code="a">Language arts (Elementary) -- Textbooks. </subfield>
  </datafield>
  <datafield tag="650" ind1=" " ind2=" ">
    <subfield code="a">Language arts (Elementary).  </subfield>
  </datafield>
  <datafield tag="942" ind1=" " ind2=" ">
    <subfield code="2">lcc</subfield>
    <subfield code="c">BK</subfield>
  </datafield>
  <datafield tag="999" ind1=" " ind2=" ">
    <subfield code="c">296217</subfield>
    <subfield code="d">296217</subfield>
  </datafield>
  <datafield tag="952" ind1=" " ind2=" ">
    <subfield code="0">0</subfield>
    <subfield code="1">0</subfield>
    <subfield code="2">lcc</subfield>
    <subfield code="4">0</subfield>
    <subfield code="a">LUX</subfield>
    <subfield code="b">LUX</subfield>
    <subfield code="c">TR</subfield>
    <subfield code="d">2016-07-07</subfield>
    <subfield code="e">Library Fund</subfield>
    <subfield code="k">TR</subfield>
    <subfield code="l">0</subfield>
    <subfield code="o">LB 1573 .Au923 2014</subfield>
    <subfield code="p">20245</subfield>
    <subfield code="r">2019-06-20 00:00:00</subfield>
    <subfield code="w">2016-07-07</subfield>
    <subfield code="y">BK</subfield>
  </datafield>
</record>
